000 00630nam a2200181 i 4500
001 87298
003 ES-MaACL
005 20230906175636.0
007 t|
008 041221s1982 sp ||||1| spa d
100 1 _aKrahmer, Rolf.
_968714
245 1 0 _aAnatomía de los animales domésticos /
_cpor Rolf Krahmer, Lothar Schröder ; [traducido del alemán por José Romero Muñoz de Arenillas].
260 _aZaragoza :
_bAcribia,
_c[1982]
300 _a339 p., 80 lám. :
_bil. ;
_c24 cm.
700 1 _aSchröder, Lothar.
_9104713
700 1 _aRomero Muñoz de Arenillas, José.
_999418
852 _aES-MaACL
_jL-4615
_bR.104952
999 _c87298
_d87298